| 000 | 00441 a2200169 4500 | ||
|---|---|---|---|
| 020 | _a9780470873748 | ||
| 082 | _a519.4 GIL | ||
| 090 |
_c40012 _d40012 |
||
| 100 | _aAmas Gilat | ||
| 245 | _aNumerical Methods (SI Version) An introduction with Application Using MATLAB 2nd/ed | ||
| 250 | _a2 | ||
| 260 |
_aAsia _bWiley _c2011 |
||
| 300 | _axvi 460p. | ||
| 500 | _aBE H&S Textbook | ||
| 505 | _aNUST Books | ||
| 942 |
_aCAENUST _k519.4 GIL |
||
| 999 |
_c475498 _d475498 |
||